| 000 | 00586nam a2200229Ia 4500 | ||
|---|---|---|---|
| 003 | OSt | ||
| 005 | 20230427151929.0 | ||
| 008 | 210423s2010 xx 000 0 und d | ||
| 020 | _a9780070617124 | ||
| 040 | _cAL | ||
| 041 | _aeng | ||
| 082 |
_a537.622 NEAD _223 |
||
| 100 |
_aNEAMAN (Donald A). _994257 |
||
| 245 | _aSemiconductor physics and devices. | ||
| 250 | _a3 | ||
| 260 |
_aNew Delhi _bTata McGraw-hill _c2010 |
||
| 300 |
_axvi,705p _bPB |
||
| 365 |
_b425 _cINR |
||
| 650 |
_aElectrodynamics _994258 |
||
| 906 | _adevices. ; physics ; Semiconductor | ||
| 942 |
_2ddc _cBK |
||
| 999 |
_c161830 _d161830 |
||